000 01090nam a2200217 a 4500
008 120416s1999 ||||||||||||||||| || u
020 _a8120314360
050 _aHD 30.28 Gar
100 _aGarg, Kumar Vinod
245 1 0 _aEnterprise resource planning: concepts and practice
_cVinod Kumar Garg; N. K. Venkitakrishnan
260 _aNew Delhi
_bPrentice Hall of India
_c1999
300 _aix, 153p.: ill.
350 _a0.00
650 0 _aBUSINESS PLANNING
650 _aMANAGEMENT INFORMATION SYSTEMS -- IMPLEMENTATION
650 0 _aMANAGEMENT
700 _aVenkitakrishnan, N. K
995 _aANNEX COLLECTION (Main Library)
_D0.00
_e738730
_FCBU-MAIN LIBRARY (Kitwe)
_H1
_I0.00
_jHD 30.28 Gar
_M1
_UAVAILABLE
_WOct 7, 2008
_y738730
_ZAnnex Low-Usage Collection
995 _aANNEX COLLECTION (Main Library)
_D0.00
_e738731
_FCBU-MAIN LIBRARY (Kitwe)
_H1
_I0.00
_jHD 30.28 Gar
_M2
_UAVAILABLE
_WOct 7, 2008
_y738731
_ZAnnex Low-Usage Collection
995 _aMAIN LIBRARY OPEN ACCESS
_D0.00
_e700233
_FCBU-MAIN LIBRARY (Kitwe)
_H1
_I0.00
_jHD 56 Ros
_M1
_UAVAILABLE
_y003552
_ZMain Library Open Access Collection
999 _c62703
_d62703